[Event "Match"]
[Site "www.echecsemail.com"]
[Date "2015.03.27"]
[Round "1"]
[White "Chessexpert"]
[Black "F14"]
[WhiteElo "1600"]
[BlackElo "1840"]
[Result "1/2-1/2"]
[Round "1"]
1.d4 Ng8f6
2.c4 g6
3.g3 d5
4.cxd5 Qd8xd5
5.Ng1f3 Bf8g7
6.Bf1g2 Qd5a5
7.Nb1c3 Nf6e4
8.Bc1d2 Ne4xd2
9.Qd1xd2 O-O
10.O-O c6
11.a3 Bc8g4
12.h3 Bg4xf3
13.Bg2xf3 Nb8d7
14.Bf3g2 Ra8d8
15.e3 Nd7e5
16.Qd2e2 Ne5d7
17.Rf1d1 Rf8e8
18.Ra1c1 e6
19.Nc3e4 Nd7f6
20.Ne4xf6 Bg7xf6
21.Qe2c2 Re8e7
22.Qc2c5 { draw }
1/2-1/2

[Event "Match"]
[Site "www.echecsemail.com"]
[Date "2015.03.27"]
[Round "1"]
[White "Generalfree"]
[Black "Dspillman"]
[WhiteElo "1710"]
[BlackElo "1650"]
[Result "1-0"]
[Round "1"]
1.e4 e5
2.Ng1f3 Nb8c6
3.Bf1c4 Ng8f6
4.Nf3g5 Qd8e7
5.Ng5xf7 Nf6xe4
6.O-O Rh8g8
7.Qd1h5 g6
8.Qh5f3 Ne4d6
9.Nf7xd6 cxd6
10.Bc4xg8 Kd8
11.Bg8xh7 Nc6d4
12.Qf3h3 Nd4xc2
13.Bh7xg6 Nc2xa1
14.Nb1c3 Qe7e6
15.Bg6f5 Qe6f6
16.d3 d5
17.Nc3xd5 Qf6f7
18.Bc1g5 Ke8
19.Nd5c7 
1-0

[Event "Match"]
[Site "www.echecsemail.com"]
[Date "2015.03.27"]
[Round "1"]
[White "Paco"]
[Black "Spartacus42"]
[WhiteElo "1990"]
[BlackElo "1809"]
[Result "0-1"]
[Round "1"]
1.e4 c6
2.d4 d5
3.e5 Bc8f5
4.Ng1f3 e6
5.Bf1d3 Bf5xd3
6.Qd1xd3 Nb8d7
7.Nb1c3 Ng8e7
8.Bc1g5 Qd8b6
9.Nc3a4 Qb6a5
10.Na4c3 a6
11.O-O c5
12.dxc5 Ne7c6
13.a3 Nd7xe5
14.Nf3xe5 Nc6xe5
15.Qd3d2 Qa5xc5
16.b4 Qc5c4
17.f4 h6
18.Bg5h4 Ne5g6
19.Bh4g3 Bf8e7
20.Nc3a4 Qc4c6
21.f5 Qc6xa4
22.fxg6 O-O
23.gxf7 Rf8xf7
24.Rf1c1 Be7g5
25.Qd2e2 Bg5xc1
26.Ra1xc1 Qa4c6
27.Qe2g4 Ra8f8
28.Bg3e5 Qc6b6
29.Be5d4 Qb6d6
30.Bd4c5 Qd6f4
31.Qg4xf4 Rf7xf4
32.h3 Rf8e8
33.Rc1f1 Rf4xf1
34.Kxf1 b5
35.Ke2 e5
36.Kd3 Kf7
37.g4 g6
38.c3 h5
39.g5 Ke6
40.h4 Kf5
41.Bc5f2 Kg4
42.Bf2e1 Re8f8
43.Kd2 Rf8f1
44.c4 dxc4
45.Ke2 Rf1xe1
46.Kxe1 Kxh4
47.Kd2 Kxg5
{ resign }
0-1

[Event "Match"]
[Site "www.echecsemail.com"]
[Date "2015.03.27"]
[Round "1"]
[White "Bbking"]
[Black "F14"]
[WhiteElo "1530"]
[BlackElo "1900"]
[Result "0-1"]
[Round "1"]
1.e4 c5
2.Ng1f3 Nb8c6
3.d4 cxd4
4.Nf3xd4 Nc6xd4
5.Qd1xd4 d6
6.Nb1c3 e5
7.Qd4d1 Ng8f6
8.Bc1g5 Bf8e7
9.Bg5xf6 Be7xf6
10.Bf1b5 Bc8d7
11.Bb5xd7 Qd8xd7
12.h3 O-O
13.O-O a6
14.a4 b5
15.axb5 axb5
16.Qd1d5 Ra8xa1
17.Rf1xa1 b4
18.Nc3b5 h6
19.Qd5xd6 Qd7xb5
20.Qd6a6 Qb5c5
21.c4 Qc5d4
22.Ra1e1 Qd4d2
23.Re1b1 Qd2c2
24.Qa6a1 Qc2xe4
25.c5 Rf8c8
26.Rb1c1 Qe4d5
27.Qa1a5 Qd5d2
28.Rc1b1 e4
29.c6 Qd2c2
30.Qa5xb4 Qc2xb1
31.Kh2 Rc8xc6
32.Qb4b8 Kh7
33.Qb8e8 Rc6c1
34.Qe8xf7 Bf6e5
{ resign }
0-1

[Event "Match"]
[Site "www.echecsemail.com"]
[Date "2015.03.27"]
[Round "1"]
[White "Rob33"]
[Black "Jaguar91"]
[WhiteElo "2069"]
[BlackElo "2070"]
[Result "0-1"]
[Round "1"]
1.e4 c5
2.Ng1f3 d6
3.Bf1b5 Nb8d7
4.d4 cxd4
5.Qd1xd4 Ng8f6
6.Nb1c3 e5
7.Qd4c4 Bf8e7
8.Nf3g5 O-O
9.Qc4b3 Nd7c5
10.Qb3b4 d5
11.exd5 Nc5d3
{ resign }
0-1

[Event "Match"]
[Site "www.echecsemail.com"]
[Date "2015.03.27"]
[Round "1"]
[White "Generalfree"]
[Black "Maestro"]
[WhiteElo "1820"]
[BlackElo "1910"]
[Result "1/2-1/2"]
[Round "1"]
1.e4 e5
2.Ng1f3 Nb8c6
3.Bf1c4 Ng8f6
4.Nf3g5 d5
5.exd5 Nc6a5
6.Bc4b5 c6
7.dxc6 bxc6
8.Qd1e2 Bf8d6
9.Ng5xf7 Kxf7
10.Bb5c4 Na5xc4
11.Qe2xc4 Bc8e6
12.Qc4xc6 Ra8c8
13.Qc6a4 Qd8b6
14.O-O h5
15.d3 h4
16.c4 Nf6g4
17.Qa4d1 e4
18.dxe4 Ng4xh2
19.Rf1e1 h3
20.g3 Nh2g4
21.Qd1f3 Ng4f6
22.e5 Bd6xe5
23.Re1xe5 Rc8xc4
24.Nb1d2 h2
25.Kh1 Rc4c5
26.Re5xc5 Qb6xc5
27.Nd2e4 Qc5d5
28.Ne4g5 Kg6
29.Qf3xd5 Be6xd5
30.f3 Nf6g4
31.Bc1f4 Ng4f2
32.Kg2 h1Q
33.Ra1xh1 Nf2xh1
34.Ng5h3 Bd5xa2
35.Bf4e3 Ba2e6
36.g4 Be6d7
37.Nh3f4 Kf7
38.Nf4h5 g6
39.Nh5f6 Bd7c6
40.Be3xa7 Rh8a8
41.Ba7d4 Ra8a4
42.Bd4c3 { draw }
1/2-1/2

[Event "Match"]
[Site "www.echecsemail.com"]
[Date "2015.03.27"]
[Round "1"]
[White "Pariolinius"]
[Black "Genius7"]
[WhiteElo "1830"]
[BlackElo "1730"]
[Result "0-1"]
[Round "1"]
1.e4 e5
2.f4 exf4
3.Ng1f3 d5
4.e5 h6
5.d4 g5
6.Nb1c3 Bf8g7
7.Qd1e2 Ng8e7
8.Bc1d2 c6
9.O-O-O Bc8f5
10.g3 fxg3
11.hxg3 Nb8d7
12.Nf3h2 Qd8a5
13.a3 Qa5c7
14.Nh2f3 O-O-O
15.Qe2g2 Bf5g6
16.g4 Kb8
17.Bf1e2 Nd7b6
18.b3 Bg6e4
19.Rd1e1 Be4g6
20.Qg2f2 a6
21.Be2f1 Nb6c8
22.Nc3a4 Bg6e4
23.Bf1g2 Ne7g6
24.Na4c5 Be4xf3
25.Bg2xf3 Ng6h4
26.Bf3e2 Rh8f8
27.Qf2g3 Nh4g6
28.Be2d3 Nc8e7
29.Bd2e3 Qc7c8
30.e6 Qc8c7
31.Nc5d7 Rd8xd7
32.Qg3xc7 Rd7xc7
33.Be3f2 fxe6
34.Bf2g3 Ng6f4
35.Bd3f1 Ne7g6
36.Rh1h2 Rc7e7
37.b4 Bg7xd4
38.Rh2xh6 e5
{ resign }
0-1

[Event "Match"]
[Site "www.echecsemail.com"]
[Date "2015.03.27"]
[Round "1"]
[White "Rob33"]
[Black "Generalfree"]
[WhiteElo "2329"]
[BlackElo "1820"]
[Result "0-1"]
[Round "1"]
1.e4 Ng8f6
2.e5 Nf6d5
3.c4 Nd5b4
4.a3 Nb4c6
5.Ng1f3 e6
6.d4 d5
7.c5 b6
8.Bc1g5 Bf8e7
9.Qd1d2 h6
10.Bg5xe7 Qd8xe7
11.Bf1b5 a6
12.Bb5e2 bxc5
13.O-O cxd4
14.Nf3xd4 Nc6xe5
15.Qd2a5 O-O
16.Nb1d2 c5
17.Nd4f3 Nb8c6
18.Qa5b6 Ra8b8
{ resign }
0-1

[Event "1/64 Finale"]
[Site "www.chess-mail.com"]
[Date "2015.03.27"]
[Round "1"]
[White "Attatroll"]
[Black "Dany2005"]
[WhiteElo "1990"]
[BlackElo "1909"]
[Result "1/2-1/2"]
[Round "1"]
1.e4 c6
2.Ng1f3 d6
3.Bf1c4 e6
4.d4 Ng8f6
5.O-O Bf8e7
6.Nb1c3 d5
7.exd5 exd5
8.Bc4b3 O-O
9.Bc1f4 Nb8d7
10.Rf1e1 Be7b4
11.a3 Bb4xc3
12.bxc3 Rf8e8
13.Qd1d3 Nd7f8
14.Nf3e5 Nf8e6
15.Bf4g3 Bc8d7
16.Ne5xd7 Qd8xd7
17.Bg3e5 Nf6e4
18.f3 Ne4d6
19.c4 dxc4
20.Bb3xc4 Nd6xc4
21.Qd3xc4 Ne6c7
22.Ra1b1 Nc7d5
23.a4 Nd5b6
24.Qc4b3 Nb6d5
25.c4 Nd5b6
26.a5 Nb6c8
27.Qb3xb7 Qd7xb7
28.Rb1xb7 f6
29.Be5g3 Re8xe1
30.Bg3xe1 Nc8d6
31.Rb7d7 Nd6xc4
32.Be1b4 Ra8b8
33.Bb4c5 Nc4xa5
{ draw }
1/2-1/2

[Event "Fast Game"]
[Site "www.echecsemail.com"]
[Date "2015.03.27"]
[Round "1"]
[White "Fanny33"]
[Black "Pgcbies"]
[WhiteElo "2160"]
[BlackElo "2180"]
[Result "1-0"]
[Round "1"]
1.e4 c6
2.d4 d5
3.e5 Bc8f5
4.Ng1f3 e6
5.Bf1e2 Nb8d7
6.O-O h6
7.Nb1d2 Ng8e7
8.Nd2b3 g5
9.a4  { time }
1-0

[Event "Fast Game"]
[Site "www.echecsemail.com"]
[Date "2015.03.27"]
[Round "1"]
[White "Tomasseeber"]
[Black "Thurgau"]
[WhiteElo "1850"]
[BlackElo "1989"]
[Result "0-1"]
[Round "1"]
1.Ng1f3 Ng8f6
2.h3 d5
3.e3 c5
4.c4 Nb8c6
5.Bf1e2 d4
6.d3 e5
7.e4 h6
8.O-O Bf8d6
9.a4 O-O
10.Nf3h2 Bc8e6
11.Be2g4 Nf6xg4
12.Nh2xg4 f5
13.Ng4h2 fxe4
14.b3 exd3
15.Qd1xd3 Nc6b4
16.Qd3e4 Be6f5
{ resign }
0-1

[Event "Tourn. n8044"]
[Site "www.chess-mail.com"]
[Date "2015.03.28"]
[Round "1"]
[White "Groz"]
[Black "Colchester"]
[WhiteElo "1809"]
[BlackElo "1870"]
[Result "1-0"]
[Round "1"]
1.e4 c5
2.Ng1f3 Nb8c6
3.d4 cxd4
4.Nf3xd4 g6
5.Bc1e3 Bf8g7
6.Nd4xc6 bxc6
7.c3 d6
8.Nb1d2 Ng8f6
9.Bf1e2 O-O
10.O-O Qd8c7
11.f4 e5
12.f5 d5
13.fxg6 fxg6
14.Qd1b3 Kh8
15.Ra1d1 Ra8b8
16.Qb3c2 dxe4
17.Nd2xe4 Nf6d5
18.Be3c5 Rf8xf1
19.Rd1xf1 Bc8f5
20.Be2d3 Bf5xe4
21.Bd3xe4 Nd5f6
22.b4 Nf6xe4
23.Qc2xe4 Rb8e8
24.Qe4c4 e4
25.Rf1f7 Qc7e5
26.Bc5d4 { resign }
1-0

[Event "Tourn. n7867"]
[Site "www.chess-mail.com"]
[Date "2015.03.28"]
[Round "1"]
[White "Bevittsmith"]
[Black "Arto20"]
[WhiteElo "2210"]
[BlackElo "2360"]
[Result "0-1"]
[Round "1"]
1.e4 c5
2.Ng1f3 d6
3.d4 cxd4
4.Nf3xd4 Ng8f6
5.Nb1c3 a6
6.Bf1e2 e6
7.O-O Bf8e7
8.f4 Qd8c7
9.Bc1e3 Nb8d7
10.Kh1 b5
11.a3 Bc8b7
12.Be2f3 Ra8c8
13.Nd4b3 O-O
14.Ra1c1 Rf8d8
15.Qd1e1 Nd7b6
16.Be3xb6 Qc7xb6
17.g4 d5
18.e5 Nf6d7
19.Nc3e2 Nd7c5
20.Nb3d4 Nc5e4
21.c3 Ne4c5
22.Rc1c2 Rd8e8
23.Ne2g3 a5
24.Bf3g2 b4
25.axb4 axb4
26.Qe1d2 Bb7a6
27.Rf1f3 Re8d8
28.Rf3e3 Ba6c4
29.Rc2c1 bxc3
30.bxc3 Rc8a8
31.Bg2f1 Ra8a2
32.Qd2d1 Rd8a8
33.Bf1xc4 dxc4
34.Ng3e4 Ra2b2
35.Ne4xc5 Be7xc5
36.Re3e2 Qb6b7
37.Kg1 Ra8a2
{ resign }
0-1

[Event "Tourn. n8107"]
[Site "www.chess-mail.com"]
[Date "2015.03.28"]
[Round "1"]
[White "Neo"]
[Black "Louis"]
[WhiteElo "1730"]
[BlackElo "1830"]
[Result "1-0"]
[Round "1"]
1.d4 d5
2.e3 Ng8f6
3.c3 Bc8f5
4.Nb1a3 Nb8d7
5.g3 e5
6.Bf1g2 Bf8e7
7.Ng1f3 exd4
8.cxd4 O-O
9.O-O Nf6e4
10.Na3b5 c6
11.Nb5c3 Ne4xc3
12.bxc3 Qd8c7
13.a4 b6
14.Bc1a3 Be7xa3
15.Ra1xa3 Rf8e8
16.Qd1b3 Ra8b8
17.Qb3b2 Bf5d3
18.Rf1d1  { time }
1-0

[Event "Tourn. n8039"]
[Site "www.chess-mail.com"]
[Date "2015.03.28"]
[Round "1"]
[White "Groz"]
[Black "Kollipaa"]
[WhiteElo "1809"]
[BlackElo "1990"]
[Result "1/2-1/2"]
[Round "1"]
1.e4 b6
2.g3 Bc8b7
3.Bf1g2 e5
4.Ng1e2 Ng8f6
5.d3 Bf8e7
6.O-O O-O
7.f4 d6
8.Nb1d2 Nb8d7
9.Nd2f3 Nf6e8
10.Bc1e3 Ne8f6
11.Qd1d2 Nf6g4
12.h3 Ng4xe3
13.Qd2xe3 Be7f6
14.c3 Ra8b8
15.fxe5 dxe5
16.Rf1f2 c5
17.g4 h6
18.Ne2g3 Bf6g5
19.Nf3xg5 Qd8xg5
20.Qe3xg5 hxg5
21.Ng3f1 Bb7a6
22.Ra1d1 Rb8d8
23.Nf1e3 Nd7f6
24.Bg2f1 Rd8d7
25.Rf2d2 Rf8d8
26.Ne3f5 Ba6b7
27.Nf5g3 Bb7xe4
28.Ng3xe4 Nf6xe4
29.Rd2e2 Ne4g3
30.Re2xe5 Ng3xf1
31.Kxf1 Rd7xd3
32.Re5e8 Rd8xe8
33.Rd1xd3 Re8e7
34.Kf2 f6
35.b4 cxb4
36.cxb4 Kf7
37.a4 Re7c7
38.Rd3d4 Ke6
39.a5 bxa5
40.bxa5 Ke5
41.Rd4b4 Kd5
42.Rb4b8 Kc6
43.a6 Rc7e7
44.Rb8b3 Kc5
45.Rb3b7 Kd6
46.Rb7b3 Kc6
47.Rb3b8 Kc7
48.Rb8b7 Kd6
49.Rb7b3 Kc6
50.Rb3b8 Kc7
51.Rb8b7 Kd6
52.Rb7b3 Re7c7
53.Kf3 
1/2-1/2

[Event "Tourn. n8059"]
[Site "www.chess-mail.com"]
[Date "2015.03.28"]
[Round "1"]
[White "Groz"]
[Black "Falcoale"]
[WhiteElo "1809"]
[BlackElo "1810"]
[Result "1-0"]
[Round "1"]
1.b3 e5
2.Bc1b2 Nb8c6
3.e4 Ng8f6
4.d3 d5
5.exd5 Nf6xd5
6.Ng1f3 Bf8d6
7.Bf1e2 Nd5f4
8.Nb1d2 Nf4xe2
9.Qd1xe2 O-O
10.O-O Rf8e8
11.Rf1e1 Bc8g4
12.h3 Bg4d7
13.Qe2e3 f6
14.Nd2c4 Nc6d4
15.Bb2xd4 exd4
16.Qe3xd4 c5
17.Qd4xd6 b5
18.Nc4d2 Ra8c8
19.Re1xe8 Qd8xe8
20.Ra1e1 Qe8d8
21.Re1e7 Rc8c6
22.Qd6xd7 Qd8xd7
23.Re7xd7 a5
24.c4 b4
25.d4 { resign }
1-0

[Event "Tourn. n8093"]
[Site "www.chess-mail.com"]
[Date "2015.03.28"]
[Round "1"]
[White "Libiesse"]
[Black "Georgepapi"]
[WhiteElo "1920"]
[BlackElo "1980"]
[Result "0-1"]
[Round "1"]
1.d4 Ng8f6
2.c4 e6
3.Ng1f3 b6
4.Bc1g5 Bc8b7
5.e3 Bf8e7
6.Bf1e2 d5
7.O-O c5
8.cxd5 Nf6xd5
9.Bg5xe7 Qd8xe7
10.Nb1c3 Nb8d7
11.Ra1c1 O-O
12.dxc5 Nd7xc5
13.Nf3d4 Rf8d8
14.Be2f3 Nd5xc3
15.Rc1xc3 e5
16.Nd4f5 Qe7g5
17.Qd1c2 Bb7xf3
18.Nf5g3 Bf3b7
19.b4 Nc5e6
20.Rc3c4 Bb7a6
{ resign }
0-1

[Event "Tourn. n8118"]
[Site "www.chess-mail.com"]
[Date "2015.03.28"]
[Round "1"]
[White "Powerchess"]
[Black "Vinvangogh"]
[WhiteElo "1400"]
[BlackElo "1560"]
[Result "1-0"]
[Round "1"]
1.d4 Ng8f6
2.c4 Nb8c6
3.d5 Nc6e5
4.b3 b6
5.Bc1b2 d6
6.Ng1f3 Ne5g4
7.h3 Ng4h6
8.Nb1c3 Bc8b7
9.e4 e5
10.Bf1e2 c6
11.O-O cxd5
12.cxd5 Nf6h5
13.Be2b5 Ke7
14.Bb5d3 Bb7c8
15.Nf3xe5 dxe5
16.Qd1xh5 g6
17.Qh5xe5 Bc8e6
18.dxe6 f6
19.Bb2a3 Ke8
20.Bd3b5 Qd8d7
21.exd7 Kd8
22.Qe5e8 { resign }
1-0

[Event "Tourn. n8163"]
[Site "www.chess-mail.com"]
[Date "2015.03.28"]
[Round "1"]
[White "Panham"]
[Black "Umzi"]
[WhiteElo "2020"]
[BlackElo "2080"]
[Result "0-1"]
[Round "1"]
1.d4 d5
2.c4 c6
3.Nb1c3 Ng8f6
4.e3 Bc8f5
5.cxd5 Nf6xd5
6.Qd1b3 b6
7.Nc3xd5 Bf5e6
{ resign }
0-1

[Event "Tourn. n8099"]
[Site "www.chess-mail.com"]
[Date "2015.03.28"]
[Round "1"]
[White "Vite"]
[Black "Attatroll"]
[WhiteElo "1950"]
[BlackElo "1930"]
[Result "1-0"]
[Round "1"]
1.e4 d6
2.d4 Ng8f6
3.Nb1c3 g6
4.Bc1g5 Bf8g7
5.Ng1f3 O-O
6.Bf1c4 c6
7.O-O b5
8.Bc4d3 Bc8b7
9.Rf1e1 Nb8d7
10.Qd1d2 Qd8c7
11.h3 a6
12.a3 c5
13.dxc5 Nd7xc5
14.Ra1d1 Nc5xd3
15.Qd2xd3 Nf6e8
16.Re1e3 Qc7c4
17.Qd3xc4 bxc4
18.Bg5xe7 Bg7h6
19.Re3e2 Ne8c7
20.Be7xf8 Bh6xf8
21.Nc3d5 Nc7xd5
22.exd5 Bf8g7
23.Re2e7 Ra8b8
24.c3 Bg7f6
25.Re7d7 Bb7c8
26.Rd7xd6 Rb8xb2
27.Rd6xf6 Bc8f5
28.d6 Rb2b7
29.Nf3e5 Bf5e6
30.d7 { resign }
1-0

[Event "Tourn. n8112"]
[Site "www.chess-mail.com"]
[Date "2015.03.28"]
[Round "1"]
[White "Louis"]
[Black "Andychesston"]
[WhiteElo "1830"]
[BlackElo "1820"]
[Result "0-1"]
[Round "1"]
1.e4 d5
2.exd5 Qd8xd5
3.Nb1c3 Qd5d6
4.d4 Nb8c6
5.Ng1f3 Bc8g4
6.Bc1e3 Ng8f6
7.Bf1e2 e6
8.h3 Bg4h5
9.O-O Ra8d8
10.Rf1e1 a6
11.Qd1c1 e5
12.dxe5 Nc6xe5
13.Nf3xe5 Qd6xe5
 { time }
0-1

[Event "Tourn. n8005"]
[Site "www.chess-mail.com"]
[Date "2015.03.28"]
[Round "1"]
[White "Osopanda"]
[Black "Samael"]
[WhiteElo "2060"]
[BlackElo "2090"]
[Result "1/2-1/2"]
[Round "1"]
1.c4 c5
2.Ng1f3 Ng8f6
3.d4 e6
4.Nb1c3 Bf8e7
5.e4 cxd4
6.Nf3xd4 Nb8c6
7.Bc1e3 d6
8.Bf1e2 Bc8d7
9.O-O O-O
10.f3 a6
11.Qd1d2 Rf8e8
12.Ra1d1 Nc6xd4
13.Be3xd4 e5
14.Bd4e3 Be7f8
15.Nc3d5 Nf6xd5
16.cxd5 Ra8c8
17.Rd1c1 Rc8xc1
18.Rf1xc1 Qd8b8
19.Be3b6 Re8c8
20.Kf2 Rc8xc1
21.Qd2xc1 Qb8c8
22.Qc1xc8 Bd7xc8
23.b4 Bc8d7
24.Be2d1 f6
25.a4 Bf8e7
26.a5 Kf8
27.Bd1e2 Ke8
28.Ke3 Be7d8
29.Bb6xd8 Kxd8
30.f4 Kc7
31.fxe5 dxe5
32.Be2c4 Kd6
33.Bc4e2 f5
34.Be2d3 f4
35.Kf2 g5
36.h3 h5
37.Bd3e2 g4
38.hxg4 hxg4
39.Be2d3 Bd7e8
40.Bd3e2 Be8d7
41.Be2d3 Bd7e8
42.Bd3c4 Be8d7
43.Bc4e2 
1/2-1/2

[Event "Match"]
[Site "www.echecsemail.com"]
[Date "2015.03.28"]
[Round "1"]
[White "Rindrandria"]
[Black "Ranjachess"]
[WhiteElo "1590"]
[BlackElo "1650"]
[Result "0-1"]
[Round "1"]
1.Ng1f3 d6
2.h3 e5
3.e4 Nb8c6
4.c3 Bc8d7
5.Nb1a3 Ng8f6
6.d3 d5
7.b4 a6
8.exd5 Nf6xd5
9.Qd1b3 Nd5xc3
10.Nf3g5 Qd8e7
11.Qb3xc3 Qe7xb4
12.Qc3xb4 Bf8xb4
13.Kd1 f6
14.Ng5f3 Bd7e6
15.Nf3g5 fxg5
16.Na3c2 Bb4c3
17.Ra1b1 Be6xa2
18.Rb1xb7 O-O-O
19.Bc1b2 Kxb7
20.Bb2xc3 Ba2c4
21.Kd2 Rd8d5
22.g3 Rh8d8
23.Kc1 Bc4xd3
24.Bf1g2 Rd5c5
25.Rh1d1 Rc5xc3
26.Bg2xc6 Rc3xc6
27.Rd1d2 e4
28.h4 g4
29.Kb2 Bd3xc2
30.Rd2xd8 h5
31.Rd8d2 Bc2d3
32.Rd2d1 Rc6c2
33.Ka1 Rc2xf2
34.Rd1e1 Rf2f1
35.Re1xf1 Bd3xf1
36.Kb2 e3
37.Kc1 e2
38.Kd2 a5
39.Ke3 e1Q
40.Kf4 Bf1d3
41.Kg5 Qe1e4
42.Kxh5 Qe4f5
{ resign }
0-1

[Event "Match"]
[Site "www.echecsemail.com"]
[Date "2015.03.28"]
[Round "1"]
[White "Maestro"]
[Black "F14"]
[WhiteElo "1940"]
[BlackElo "1870"]
[Result "1/2-1/2"]
[Round "1"]
1.e4 e5
2.Ng1f3 Nb8c6
3.Bf1b5 Ng8f6
4.O-O d6
5.d4 exd4
6.Nf3xd4 Bc8d7
7.Bb5xc6 Bd7xc6
8.Nd4xc6 bxc6
9.Bc1g5 Bf8e7
10.Nb1c3 O-O
11.Qd1d3 Nf6g4
12.Bg5xe7 Qd8xe7
13.h3 Ng4e5
14.Qd3a6 Qe7g5
15.Qa6e2 f5
16.exf5 Rf8xf5
17.Nc3e4 Qg5g6
18.Ne4g3 Rf5f7
19.c4 Ra8f8
20.Ng3e4 d5
21.cxd5 cxd5
22.Ne4d2 Ne5f3
23.Nd2xf3 Rf7xf3
24.Kh1 Rf3f6
25.Ra1c1 Qg6f7
26.f3 Qf7d7
27.Qe2c2 c6
28.b4 a6
29.a4 Rf8b8
30.Qc2d2 Qd7d6
31.Rc1c5 a5
32.Rf1c1 Rb8xb4
33.Rc5xa5 h6
34.Ra5a8 Rf6f8
35.Ra8xf8 Kxf8
36.a5 Rb4a4
37.Rc1b1 Qd6c5
38.Rb1b8 Kf7
39.Qd2b2 d4
40.Qb2b3 Qc5c4
41.Qb3b7 Kg6
42.Qb7c7 Ra4a2
43.Qc7d6 Kh7
44.Qd6e5 Qc4c2
45.Qe5g3 d3
46.Rb8b7 Ra2a1
47.Kh2 Qc2c3
48.f4 Qc3f6
49.Qg3xd3 Qf6g6
50.Qd3xg6 Kxg6
51.Rb7b6 Ra1xa5
52.Rb6xc6 Kf5
53.Rc6c4 g5
54.fxg5 hxg5
55.Rc4c3 Ra5a2
56.Kg3 Ra2e2
57.Kf3 Re2e5
58.g3 Re5a5
59.g4 Ke5
60.Kg3 Ra5d5
61.h4 gxh4
62.Kxh4 Kf6
63.Rc3c6 Kg7
64.g5 Rd5d8
65.Kh5 Rd8h8
66.Kg4 Rh8f8
67.Rc6h6 Rf8f1
68.Rh6h3 Rf1g1
69.Kh5 Rg1g2
70.Rh3h4 Rg2g1
71.Rh4h3 Rg1g2
{ draw }
1/2-1/2

[Event "Match"]
[Site "www.echecsemail.com"]
[Date "2015.03.28"]
[Round "1"]
[White "Maestro"]
[Black "Expert"]
[WhiteElo "1960"]
[BlackElo "1680"]
[Result "0-1"]
[Round "1"]
1.d4 d5
2.c4 e6
3.Nb1c3 Ng8f6
4.e3 Bf8e7
5.Ng1f3 O-O
6.Bf1d3 dxc4
7.Bd3xc4 c5
8.O-O a6
9.Qd1c2 b5
10.Bc4e2 Bc8b7
11.b3 Nb8d7
12.Bc1b2 cxd4
13.Nf3xd4 Ra8c8
14.Be2f3 Bb7xf3
15.Nd4xf3 b4
16.Ra1d1 bxc3
17.Bb2xc3 Nf6d5
18.Rd1xd5 exd5
19.Qc2b2 Be7f6
20.Bc3xf6 Nd7xf6
21.Nf3d4 Qd8b6
22.Nd4f5 Rf8e8
23.g4 Qb6e6
24.h3 g6
25.Nf5d4 Qe6d6
26.Kg2 Nf6e4
27.h4 Qd6b4
28.h5 Qb4d2
29.Qb2a3 gxh5
30.gxh5 Kh8
31.Nd4f3 Re8g8
32.Kh3 Ne4xf2
33.Rf1xf2 Qd2xf2
{ resign }
0-1

[Event "Match"]
[Site "www.echecsemail.com"]
[Date "2015.03.28"]
[Round "1"]
[White "F14"]
[Black "Bojan"]
[WhiteElo "1900"]
[BlackElo "1980"]
[Result "1/2-1/2"]
[Round "1"]
1.d4 g6
2.e4 Bf8g7
3.Ng1f3 d6
4.c4 c6
5.Bc1e3 Qd8b6
6.Qd1c2 f5
7.e5 c5
8.dxc5 dxc5
9.Bf1e2 Bc8e6
10.b3 Nb8d7
11.O-O Nd7xe5
12.Nb1c3 Qb6c7
13.Nf3xe5 Qc7xe5
14.Ra1c1 b6
15.Qc2d2 Ra8d8
16.Qd2e1 Ng8h6
17.Rc1c2 O-O
18.Qe1c1 f4
19.Be3d2 g5
20.Rf1e1 Qe5f6
21.Re1d1 Be6f5
22.Rc2b2 a6
23.Bd2e1 Bf5g6
24.Rd1xd8 Rf8xd8
25.Rb2d2 Rd8c8
26.g3 Qf6xc3
27.Rd2d8 Rc8xd8
28.Be1xc3 Bg7xc3
29.Qc1xc3 Kf7
30.gxf4 gxf4
31.Be2f3 Rd8d4
32.b4 Rd4d3
33.Bf3d5 e6
34.Bd5xe6 Kxe6
35.Qc3e1 Kd6
36.bxc5 bxc5
37.f3 Rd3xf3
38.Qe1d1 Rf3d3
39.Qd1a4 Ke5
40.Qa4xa6 Nh6f7
41.Qa6b6 Kd4
42.a4 Kxc4
43.a5 Nf7d6
44.a6 Nd6b5
45.Kf2 Rd3d6
46.Qb6a5 Bg6d3
47.a7 Nb5xa7
48.Qa5xa7 Rd6d4
49.Qa7a4 Kd5
50.Qa4a8 Kc4
51.Qa8a2 { draw }
1/2-1/2

[Event "Match"]
[Site "www.echecsemail.com"]
[Date "2015.03.28"]
[Round "1"]
[White "Nozal"]
[Black "Irene"]
[WhiteElo "1870"]
[BlackElo "1970"]
[Result "0-1"]
[Round "1"]
1.e4 c5
2.Ng1f3 Nb8c6
3.c3 Ng8f6
4.d3 g6
5.Bc1g5 Bf8g7
6.d4 Nf6xe4
7.Bf1d3 Ne4xg5
8.Nf3xg5 cxd4
9.Bd3c4 d5
10.Qd1f3 Nc6e5
11.Qf3xd5 Ne5d3
12.Kd2 Qd8xd5
13.Bc4xd5 dxc3
14.Nb1xc3 f6
15.Nc3b5 Nd3xf2
16.Rh1f1 fxg5
17.Nb5c7 Kd8
18.Nc7xa8 Bg7d4
19.Ra1c1 Bd4xb2
20.Rc1xc8 Kxc8
21.Bd5e6 Kb8
22.Rf1xf2 Kxa8
23.Rf2f7 Bb2f6
24.g4 Kb8
25.Ke3 h5
26.h3 h4
 { time }
0-1

[Event "Match"]
[Site "www.echecsemail.com"]
[Date "2015.03.28"]
[Round "1"]
[White "Generalfree"]
[Black "Caspito"]
[WhiteElo "1780"]
[BlackElo "1810"]
[Result "1-0"]
[Round "1"]
1.e4 e5
2.Ng1f3 Nb8c6
3.Bf1b5 a6
4.Bb5xc6 dxc6
5.Nf3xe5 Bf8c5
6.Ne5xf7 Qd8f6
7.Qd1f3 Qf6xf3
8.gxf3 Kxf7
9.b3 Bc5d4
10.c3 Bd4f6
11.d4 Ng8e7
12.h4 Rh8e8
13.Bc1f4 b5
14.Bf4xc7 Bc8b7
15.b4 Ne7d5
16.Bc7g3 a5
17.bxa5 Ra8xa5
18.e5 Ra5a4
19.O-O Bf6d8
20.f4 b4
21.cxb4 Ra4xb4
22.Rf1d1 Rb4b2
23.Nb1a3 Nd5c3
24.Rd1d3 Nc3d5
25.Na3c4 Rb2c2
26.Nc4d6 Kf8
27.Nd6xb7 Bd8b6
28.Nb7d6 Re8a8
29.f5 Ra8xa2
30.Ra1xa2 Rc2xa2
31.h5 Ra2a4
32.Bg3h4 Bb6xd4
33.Rd3b3 Bd4b6
34.Bh4g3 Ke7
35.Nd6c8 Ke8
36.Nc8xb6 Ra4d4
37.Nb6xd5 cxd5
38.Rb3b8 Kf7
39.Rb8b7 Kf8
40.e6 Rd4e4
41.Bg3d6 { resign }
1-0

[Event "Match"]
[Site "www.echecsemail.com"]
[Date "2015.03.28"]
[Round "1"]
[White "Sunderland"]
[Black "Canario"]
[WhiteElo "1540"]
[BlackElo "1660"]
[Result "0-1"]
[Round "1"]
1.e4 e5
2.Bf1c4 Ng8f6
3.d3 Nb8c6
4.Ng1f3 Bf8c5
5.O-O d6
6.Nb1c3 Bc8g4
7.Bc4b5 O-O
8.Bb5xc6 bxc6
9.h3 Bg4h5
10.Qd1e2 h6
11.Bc1e3 Bc5xe3
12.Qe2xe3 Qd8d7
13.Rf1e1 a6
14.Nf3h4 Ra8b8
15.Nh4f5 Bh5g6
16.Nf5h4 Bg6h7
17.g4 g5
18.Nh4f5 Bh7xf5
19.gxf5 Rb8xb2
20.Ra1b1 Rb2xc2
21.Re1c1 Rc2xc1
22.Rb1xc1 Rf8b8
23.Qe3d2 d5
24.Qd2e2 d4
25.Nc3a4 Qd7d6
26.Na4c5 a5
27.Qe2c2 Nf6h5
28.Rc1b1 Rb8xb1
{ resign }
0-1

[Event "Match"]
[Site "www.echecsemail.com"]
[Date "2015.03.28"]
[Round "1"]
[White "F14"]
[Black "Billyg"]
[WhiteElo "1870"]
[BlackElo "1610"]
[Result "1-0"]
[Round "1"]
1.d4 d6
2.c4 Nb8c6
3.Ng1f3 f6
4.e3 Bc8g4
5.Bf1e2 e5
6.dxe5 fxe5
7.O-O Bg4xf3
8.Be2xf3 Qd8d7
9.Nb1c3 O-O-O
10.Bf3g4 Qd7xg4
11.Qd1xg4 Kb8
12.b3 Ng8f6
13.Qg4e2 d5
14.cxd5 Nc6b4
15.e4 a6
16.a3 Nb4xd5
17.exd5 Nf6xd5
18.Nc3xd5 Rd8xd5
19.Bc1e3 b6
20.Qe2xa6 Rd5d6
21.Ra1d1 Rd6xd1
22.Rf1xd1 Bf8d6
23.Rd1xd6 Rh8e8
24.Rd6d7 e4
25.Be3xb6 { resign }
1-0

[Event "Match"]
[Site "www.echecsemail.com"]
[Date "2015.03.28"]
[Round "1"]
[White "Attatroll"]
[Black "Generalfree"]
[WhiteElo "1930"]
[BlackElo "1820"]
[Result "0-1"]
[Round "1"]
1.e4 c5
2.Ng1f3 e6
3.d4 d6
4.dxc5 Qd8a5
5.Bc1d2 Qa5xc5
6.Bd2c3 e5
7.Bf1b5 Qc5xb5
8.Nb1a3 Qb5c6
9.O-O Qc6xe4
10.Rf1e1 Qe4a4
11.Nf3d4 a6
12.Nd4f5 Bc8xf5
13.f4 f6
14.fxe5 dxe5
15.Qd1d5 Nb8c6
16.Qd5f3 Bf5xc2
17.Ra1c1 Bf8xa3
18.bxa3 O-O-O
19.Bc3b4 Ng8e7
20.Bb4xe7 Nc6xe7
21.Qf3c3 Qa4c6
22.Qc3b2 Rd8d2
23.Rc1xc2 Rd2xc2
{ resign }
0-1

[Event "Match"]
[Site "www.echecsemail.com"]
[Date "2015.03.28"]
[Round "1"]
[White "Generalfree"]
[Black "Luzhin"]
[WhiteElo "1820"]
[BlackElo "2280"]
[Result "1/2-1/2"]
[Round "1"]
1.e4 e5
2.Ng1f3 Nb8c6
3.Bf1b5 Ng8f6
4.Bb5xc6 bxc6
5.d3 d6
6.h3 Bf8e7
7.a3 O-O
8.Bc1e3 a5
9.a4 Ra8b8
10.b3 d5
11.Nf3xe5 Qd8d6
12.Be3f4 Qd6e6
13.O-O dxe4
14.dxe4 Be7d6
15.Ne5xc6 Bd6xf4
16.Nc6xb8 Bc8b7
17.f3 Rf8xb8
18.Nb1a3 Qe6b6
19.Kh1 Nf6h5
20.g4 Nh5g3
21.Kg2 { draw }
1/2-1/2

[Event "Match"]
[Site "www.echecsemail.com"]
[Date "2015.03.28"]
[Round "1"]
[White "Llcervelló"]
[Black "Robinjut"]
[WhiteElo "1710"]
[BlackElo "1440"]
[Result "1-0"]
[Round "1"]
1.d4 d5
2.e3 Nb8c6
3.Ng1f3 Bc8g4
4.Bf1e2 Bg4xf3
5.Be2xf3 e6
6.O-O Ng8f6
7.c3 Bf8d6
8.Qd1a4 O-O
9.b4 a6
10.b5 axb5
11.Qa4xb5 Qd8b8
12.a3 Ra8a5
13.Qb5d3 Nc6e7
14.a4 c6
15.Bc1a3 c5
16.dxc5 Bd6xh2
17.Kh1 Ra5xa4
18.g3 Bh2xg3
19.Kg2 Bg3h4
20.Rf1h1 Qb8e5
21.Qd3b5 Rf8a8
22.Qb5xb7 Ne7g6
23.c6 Nf6g4
24.c7 Ng4xe3
25.Kg1 Qe5g5
26.Kh2 Qg5f4
27.Kg1 Qf4xf3
28.c8Q Ra8xc8
29.Qb7xc8 Ng6f8
30.Qc8xf8 
1-0